| 000 | 00790nam a22002657a 4500 | ||
|---|---|---|---|
| 005 | 20250507165159.0 | ||
| 008 | 250507b |||||||| |||| 00| 0 eng d | ||
| 020 | _a9780199482139 | ||
| 037 | _cREF | ||
| 040 |
_aLCT _cLCT |
||
| 041 |
_2eng _aeng _heng |
||
| 084 | _aZn2 Q17 | ||
| 100 | _aSingh, Mahendra Pal | ||
| 245 | _aIndian Yearbook of Comparative Law 2016/ | ||
| 250 | _a1st ed. (Indian reprint) | ||
| 260 |
_aLondon: _bOxford University Press, _c2017 |
||
| 300 | _axxiv, 526p. | ||
| 650 | _a Law | ||
| 650 |
_a Comparative Law _9755416 |
||
| 650 | _aLegal System | ||
| 650 | _aConstitutional Law | ||
| 650 | _aAdministrative Law | ||
| 700 |
_a Singh, Mahendra Pal, ed. _eEditor _9755417 |
||
| 942 |
_2CC _cREF _hZn2 Q17 _n0 |
||
| 999 |
_c1320338 _d1320338 |
||